000 00467nam a2200181 a 4500
001 1770713644563
003 YourLibrary
005 20260210142832.0
008 260210s2006##################000#0#eng##
020 _a9780262524940
082 0 4 _a333.7923BRA
100 1 _aBradford, Travis,
_eauthor.
245 1 0 _aSolar Revolution :
260 _bMit Press,
_c2006.
650 0 _aBusiness & Economics.
942 _cENGLISH
040 _aYourLibrary
_beng
_cYourLibrary
999 _c611390
_d611390